LIBRARY & INFORMATION CENTRE, KCAET, TAVANUR

ONLINE PUBLIC ACCESS CATALOGUE (OPAC)

Elements of computer science / (Record no. 9753)

MARC details
000 -LEADER
fixed length control field 00440cam a2200181ua 4500
041 ## - LANGUAGE CODE
Language code of text/sound track or separate title eng
082 ## - DEWEY DECIMAL CLASSIFICATION NUMBER
Classification number 004
Item number SAR/EL
100 ## - MAIN ENTRY--AUTHOR NAME
Personal name Sarkar, S.K .
245 ## - TITLE STATEMENT
Title Elements of computer science /
260 ## - PUBLICATION, DISTRIBUTION, ETC. (IMPRINT)
Place of publication New Delhi :
Name of publisher S.Chand and Co ,
Year of publication 1998.
300 ## - PHYSICAL DESCRIPTION
Number of Pages 313 ; .
700 1# - ADDED ENTRY--PERSONAL NAME
Personal name Gupta, A.K .
942 ## - ADDED ENTRY ELEMENTS (KOHA)
Koha item type Books
Holdings
Withdrawn status Lost status Damaged status Home library Current library Date acquired Full call number Accession Number Koha item type
      KAUAET KAUAET 07/04/2012 004 20123 Books
free website counter